000 01098nam a2200301 c 4500
003 BLK
005 20180420234618.0
008 180410b bul|||||r ||||||| ||bul||
010 _aKNG00168077000
020 _a978-954-400-924-3
_bиздат.: Фабер
040 _aBLK
041 _aBUL
_cBUL
072 7 _2bullib
_aН84
_xБългарска художествена литература Н
080 _aБългарска литература
_b821.163.2
_x-32
_z821.163.2-32
100 1 _aСтефанов, Иван Киров
_eпърви автор
_9334974
139 _aСтефанов, Иван Киров
_bС 75
245 1 0 _aСилуети
_bНещо като разкази... за нещо като хора...
_cИван Киров Стефанов.
257 _aBGR
260 В. Търново
_bФабер
_c2013
300 _a112 с.
_c20 см
380 _aX
659 _aН
852 _aЦб 271670
856 4 _qpdf
_u
856 4 _qpdf
_u
942 _cKNG
_n0
944 _aCR
_c01.12.2014
_kВиолета_Тройчева
944 _aED
_c28.05.2015
_kГеновева_Генчева
999 _c160794
_d160794